000 00483nam a2200181Ia 4500
005 20250508164713.0
008 008 250505s9999 xx 000 0 eng d
037 _aTextual
040 _aFEDL
_beng
_cFEDL
041 _aeng
_2eng
084 _a160, DEW
_qFEDL
100 _aDewey John
245 0 _aReconstruction in philosophy
260 _aBoston, USA
_bThe Beacon Press
_c1963
300 _axlvii,224p.
942 _cTEXL
_h160, DEW
999 _c1390658
_d1390658